00369nam a2200121Ia 4500008004100000020001800041100002000059245004500079260003500124300004300159650002800202650001700230181126s9999 xx 000 0 und d a9789710093564 aZacharias, Ravi cRavi ZachariasaThe Lamb and the fuhrer/ aManila :bOMF Literaturec2014 aunpaged :bcol. illustration ;c26 cm. aHitler, Adolf,1889-1945 aJesus Christ